000 00286 a2200121 4500
020 _a0852974418
090 _c179
_d179
100 _aBrain Coyle
245 _aMoney markets
260 _aCanterbury
_bFinanical world publishing
_c2001
300 _a153 P
942 _aNBS
_cBK
_k658.15 COY
999 _c342753
_d342753